Piero Calamandrei: Vida y obra Contribucin̤ para el estudio del proceso civil

Detalles Bibliográficos
Formato: eBook
Lenguaje:español
Publicado: Barcelona: J.M. Bosch Editor, 2019
Materias:
Acceso en línea:Acceso restringido

MARC

LEADER 00000nam a22000007a 4500
005 20200304210241.0
007 cr|||| ||||
008 200304s2019 es |||||s|||| 00||0 spa d
020 |a 978-84-121260-3-7 
035 |a 31120 
040 |a vLex 
090 |c 10173  |d 10173 
245 0 0 |a Piero Calamandrei: Vida y obra Contribucin̤ para el estudio del proceso civil  |h [Recurso electrn̤ico] / 
256 |a Servicio en ln̕ea 
260 |a Barcelona:  |b J.M. Bosch Editor,  |c 2019 
300 |a 1 recurso electrn̤ico 
500 |a Los famosos escritos y la respectiva doctrina de Piero Calamandrei, producidos a lo largo del tiempo, contina︢n uniendo a los estudiosos de todo el mundo, puesto que son marcados por una visin̤ universal del fenm̤eno jurd̕ico y social. Por ese motivo, con enorme satisfaccin̤, presento mi monografa̕, ahora en lengua espaǫla, sobre la vida y la obra de Calamandrei, el gran Abogado, Jurista y Polt̕ico italiano. Confieso que jams̀ imagin ̌la enorme aceptacin̤ de este trabajo de investigacin̤ que, sin pretensin̤ alguna, atrajo mucho a mis amigos —abogados y profesores— e incluso, a mis alumnos. Es cierto que el x̌ito alcanzado debe ser atribuido a la fascinacin̤ que emerge de la extensa y cautivante obra de Calamandrei. ŁEspero que mis Colegas, de lengua espaǫla, aprecien igualmente la sabrosa bio-bibliografa̕ del renombrado Maestro florentino! 
506 1 |a Disponible solo en los productos indicados  |d vLex Global  |d vLex Global (Academic Edition, excluding Law Schools)  |d vLex Global (U.S. Academic Edition, Law Schools)  |d vLex Global (U.S. Academic Edition, excluding Law Schools)  |d vLex Global (Academic Edition, Law Schools) 
650 0 4 |a Procedimiento Civil  |z Espaą 
740 0 |a vLex Libros (Servicio en ln̕ea) 
856 4 0 |u http://vlex.com/source/piero-calamandrei-vida-y-obra-contribucion-para-el-estudio-del-proceso-civil-31120  |z Acceso restringido 
942 |c BOOK 
999 0 |a Civil Procedure